000 00735nam a22002297a 4500
005 20170124110116.0
010 _aB-059954
020 _c00.00
_a8125020209
035 _aB-059954
037 _bCen Lib/Ret
040 _aDPL
_bEN
082 _a921
_bJAL
100 _aJaleel, Jerry A.
_929975
245 _aUnder the shadow of man-eaters :
_cby Jerry A. Jaleel
_bthe life and legend of Jim Corbett of Kumaon /
260 _aNew Delhi
_bOrient Longman
_c2001
270 _bNew Delhi
_a1/24, Asaf Ali Road
_e110002
300 _axvii,225p. :
_c23cm(Hb)
_bill.
500 _aIncludes index
650 _a Corbett, Jim, -- 1875-1955
_928522
650 _aTiger hunting -- India
_929976
942 _2ddc
_cEN
_h921
_mJAL
999 _c130736
_d130736